Daně, odvody a poplatky v ČSSR

Guardado en:
Detalles Bibliográficos
Autor principal: Picmaus, František
Formato: Libro
Lenguaje:checo
Publicado: Praha Státní nakladatelství technické literatury 1985
Edición:2. uprav. a dopln. vyd.
Etiquetas: Agregar Etiqueta
Sin Etiquetas, Sea el primero en etiquetar este registro!

MARC

LEADER 00000nam a2200000 4500
001 c023859
005 20250520074630.9
041 0 |a cze 
044 |a CZ 
245 1 0 |a Daně, odvody a poplatky v ČSSR  |c František Picmaus a kol. 
250 |a 2. uprav. a dopln. vyd. 
264 1 |a Praha  |b Státní nakladatelství technické literatury  |c 1985 
300 |a 205 s. 
100 1 |a Picmaus, František